| 000 | 01396cam a22004454i 4500 | ||
|---|---|---|---|
| 003 | PE-LiUPU | ||
| 005 | 20250731173101.0 | ||
| 008 | 150623s1996 mdu r 000 0 eng d | ||
| 020 | _a0828010498 | ||
| 035 | _a(Sirsi) i9780828010498 | ||
| 040 |
_aPE-LiUPU _bspa _cPE-LiUPU _erda |
||
| 049 | _aPRUA | ||
| 082 | 0 | 4 |
_a263.1 _bA66 _221 |
| 100 | 1 |
_aAppel, Dan M., _eautor. |
|
| 245 | 1 | 2 |
_aA bridge Across Time / _cDan M. Appel. |
| 264 | 1 |
_aHagerstown, MD : _bReview and Herald Publishing Association, _c1996. |
|
| 300 |
_a125 páginas ; _c17 centímetros |
||
| 336 |
_atext _2rdacontent |
||
| 337 |
_aunmediated _2rdamedia |
||
| 338 |
_avolume _2rdacarrier |
||
| 505 | 0 | _aA bridge Across Time. | |
| 526 | _aSEG42 | ||
| 526 | _aSEG41 | ||
| 526 | _aSEG40 | ||
| 526 | _aSEG39 | ||
| 526 | _aP94 | ||
| 526 | _aP87 | ||
| 526 | _aP86 | ||
| 526 | _aP85 | ||
| 526 | _aP77 | ||
| 526 | _aP76 | ||
| 526 | _aP35 | ||
| 650 | 1 | 4 |
_aSábado _xObservancia. |
| 942 |
_2ddc _cBOOK |
||
| 949 |
_a263.1 A66 _wDEWEY _c1 _i48942 _lCCODEBUL1 _mBUL _r0 _sY _tBOOK _u2015-6-24 _xTEOLOGIA _PP35 _0COMPRA _o.STAFF. Colección General |
||
| 994 |
_aC0 _bPEPRU |
||
| 596 | _a1 | ||
| 999 |
_a263.1 A66 _wDEWEY _c28104 _i48942 _f2021-11-12 _g5 _lCCODEBUL1 _mBUL _p5.00 _r0 _sY _tBOOK _u2015-6-24 _xTEOLOGIA _PP35 _0COMPRA _o.STAFF. Colección Teología _d28104 |
||
| 980 |
_81 _gALBERTO SANCHEZ Responsable de Automatización |
||